Návrh dopredného stavového riadenia

Uložené v:
Podrobná bibliografia
Hlavný autor: Zlochová, Albína (Autor)
Ďalší autori: Paulusová, Jana (Vedúci práce)
Médium: Rukopis Kniha
Jazyk:Slovak
Vydavateľské údaje: Bratislava : STU v Bratislave FEI, 2023
Predmet:
On-line prístup:https://opac.crzp.sk/?fn=detailBiblioFormChildEU2AA&sid=08878EB2E7E37CD098947BC0752B&seo=CRZP-detail-kniha
Tagy: Pridať tag
Žiadne tagy, Buďte prvý, kto otaguje tento záznam!

MARC

LEADER 00000ntm a22000003a 4500
001 stuzp91959
003 SK-STU
005 20241121143351.4
007 ta
008 150427s2015----xo-----f-mn---000-0-slo-d
040 |a STU  |b slo 
041 0 |a slo 
044 |a xo 
100 1 |a Zlochová, Albína  |u 031000  |4 aut  |U FEI Fakulta elektrotechniky a informatiky  |T FEI Ústav robotiky a kybernetiky  |X 111158  |U E011  |Y 356  |7 111158 
242 0 1 |a State-Feedforward Control Design  |y eng 
245 1 0 |a Návrh dopredného stavového riadenia 
260 |a Bratislava :  |b STU v Bratislave FEI,  |c 2023 
300 |a 62 s. 
650 4 |a stavový priestor  |2 slo 
650 4 |a dopredné riadenie  |2 slo 
650 4 |a lineárne a nelineárne systémy  |2 slo 
650 4 |a pracovný bod  |2 slo 
650 4 |a linearizácia  |2 slo 
650 4 |a Van de Vusseova reakcia  |2 slo 
650 4 |a chemický reaktor  |2 slo 
650 4 |a State Space  |2 eng 
650 4 |a Feedforward Control  |2 eng 
650 4 |a Linear and Non-Linear Systems  |2 eng 
650 4 |a Operating Point  |2 eng 
650 4 |a Linearization  |2 eng 
650 4 |a Van de Vusse reaction  |2 eng 
650 4 |a chemical reactor  |2 eng 
700 1 |a Paulusová, Jana  |u 031000  |k Z1  |4 ths  |U FEI Fakulta elektrotechniky a informatiky  |T FEI Ústav robotiky a kybernetiky  |X 4953  |U E011  |Y 356  |7 A000004953 
856 4 |u https://opac.crzp.sk/?fn=detailBiblioFormChildEU2AA&sid=08878EB2E7E37CD098947BC0752B&seo=CRZP-detail-kniha